| 000 | 00333nam a22000977a 4500 | ||
|---|---|---|---|
| 008 | 150619b xxu||||| |||| 00| 0 eng d | ||
| 010 | _8HCCRSF:005 | ||
| 245 | _aHIGH COURT CRIMINAL SESSION NO.640 OF 1969 Uganda Vs Damiano Njego, Andrea Ndimulwango | ||
| 260 | _aHigh Court Kampala | ||
| 500 | _3BEFORE: Hon. Mr. Acting Justice A.W.K. Mukasa | ||
| 999 |
_c6500 _d6500 |
||